Städte des römischen Reiches A-Z - Statistiken

Allgemein
  • Dieses Quiz wurde 51 mal gespielt
  • Das Durchschnittsergebnis liegt bei 10 aus 23
Antwortstatistiken
Hint Antwort % Korrekt
A Größte Stadt Ägyptens und zweitgrößte des Reiches, welche ursprünglich von einem makedonischem König gegründet wurde. Alexandria
96%
F Stadt, die von Gaius Julius Cäsar in der Toskana gegründet wurde und nach dem Ende des römischen Reiches zu einem Zentrum der Renaissance wurde Florentia
72%
J Stadt in der Provinz Judäa, dessen jüdischer Tempel 70 durch Titus zerstört hatte, etwa 40 Jahre nachdem der römische Stadthalter Pontius Pilatus dort Jesus von Nazareth zum Tode verurteilt haben soll Jerusalem
72%
T In dieser Stadt in Deutschland an der Mosel steht das römische Stadttor Porta Nigra, sie war Hauptstadt der Provinz Gallica Belgica und war zeitweise Residenz weströmischer Kaiser Treveris
72%
P Diese Stadt wurde 79 von einem Ausbruch des Vesuvs zerstört und durch die Vulkanstaubschicht sehr gut erhalten Pompeji
70%
M Ursprünglich keltische Stadt in Norditalien, in der Bischof Ambrosius residierte und Kaiser Konstantin mit einem Toleranzedikt die Verfolgung der Christen beendete, Zeitweise Hauptstadt des Weströmischen Reiches Mediolanum
67%
G Hafenstadt in Ligurien, welche nach Ende des Weströmischen Reiches eine Seerepublik wurde, welche das Oströmische Reich bei dessen Untergang 1453 verteidigte Genua
63%
K Diese Stadt war der Erzrivale Roms in den drei Punischen Kriegen, die nach kurzzeitiger Zerstörung zur größten Stadt der Provinz Africa gemacht wurde Karthago
61%
B Diese Stadt am Bosporus wurde von Kaiser Konstantin zur neuen Hauptstadt erkoren und in Konstantinopel umbenannt Byzantium
59%
L Ursprünglich keltische Stadt an der Seine, in der sich Julian Apostata zum Augustus krönen ließ Lutetia
57%
O Diese Stadt an der Tibermündung diente als Seehafen der Stadt Rom Ostia
52%
V Stadt in Österreich an der Donau, welche als Grenzfestung diente und in der Kaiser Marcus Aurelius starb Vindobona
50%
E Stadt in Westanatolien, dessen Artemis/Diana-Tempel zu den sieben Weltwundern zählte und deren christlicher Gemeinde Paulus einen Brief schrieb Ephesos
43%
R Stadt in der Romagne, welche zur Hauptstadt des Weströmischen Reiches und später der oströmischen Herrschaft in Italien wurde Ravenna
37%
S Diese ursprünglich griechische Stadt wurde als Verbündete #Ks im ersten Punischen Krieges trotz der Hilfe Archimedes bei der Verteidigung erobert und dadurch zur Hauptstadt der römischen Provinz Sizilien Syracusae
33%
H Stadt in Kampanien, welche 79 von einem Ausbruch des Vesuvs zerstört dadurch aber sehr gut erhalten wurde Herculaneum
22%
U Stadt in Bulgarien, welche von Kaiser Traian gegründet wurde und Hauptstadt der Provinz Dacia Aureliana und Geburtsort der Kaiser Aurelian und Galerius Ulpia Serdica
20%
C Wichtige Stadt in Kampanien an der Via Appia, in der der Spartacus-Aufstand ausbrach Capua
17%
D Hafenstadt im heutigen Albanien, in der die Via Egnatia nach Konstantinopel begann, durch die die Stadt als Verbindung zwischen Italien und dem Balkan diente Dyrrachium
13%
N Stadt in Anatolien nahe des Bosporus, in der zwei ökumenische Konzile stattfanden und in die nach dem Vierten Kreuzug große Teile der römischen Elite flohen und von dort Konstantinopel zurückeroberten Nicaea
13%
Z Stadt in Tunesien, bei der der römische Feldherr Scipio Africanus Hannibal besiegte und dadurch den Zweiten Punischen Krieg beendete Zama
13%
Q Stadt in Südungarn, welche zur Hauptstadt der Provinz Pannonia Valeria erhoben wurde und deren alter deutscher Name Fünfkirchen eine direkte Übersetzung ihres lateinischen Namens ist Quinque-Ecclesiis
11%
I Bronzezeitliche Stadt in Zentralanatolien, Hauptstadt der Provinz Lykaonien, welche von Paulus besucht wurde und Geburtsort der heiligen Thekla war Iconium
7%
Keine übereinstimmenden Quizze gefunden
Verteilung der Resultate
Anzahl Personen mit jedem Resultat
Perzentil nach korrekt beantworteten Fragen
Ihre Resultats-Entwicklung
Sie haben dieses Quiz noch nicht gespielt